000 00302nam a2200097Ia 4500
001 775560
005 20250826165831.0
008 250824s9999 xx 000 0 und d
245 0 _aKUYRUKLU YILDIZ ALTINDA BİR İZDİVAÇ MELEK SANMIŞTIM ŞEYTANI
_cHÜSEYİN RAHMİ GÜRPINAR
260 _bEVEREST YAYINLARI
999 _c775560
_d775560